| 000 | 01114nam a2200205Ia 4500 | ||
|---|---|---|---|
| 001 | 6438 | ||
| 003 | GE_BSU | ||
| 008 | 181216s||||||||xx |||||||||||||| ||und|| | ||
| 040 | _cGE_BSU | ||
| 080 | _a621.3(076.5)(072) | ||
| 245 | _aმეთოდური მითითებები ლაბორატორიული სამუშაოების ჩასატარებლად ელექტრონიკის თეორიულ საფუძვლებსა და ელექტრული წრედების თეორიაში. მეორე ნაწილი. | ||
| 245 | _cშემდგ.:პ.მერაბიშვილი, ა.კოტია, გ.ვადაჭკორია, ნ.წივწივაძე და სხვ. რედ. მ.ძიძიგური. | ||
| 260 | _aთბ. | ||
| 260 | _bსპი. | ||
| 260 | _c1985. | ||
| 300 | _a142გვ; 20სმ. | ||
| 300 | _eნახაზ. | ||
| 653 | _aელექტრონიკის და ელექტრული წრედების თეორია. | ||
| 942 | _cBK | ||
| 999 |
_c39833 _d39833 |
||